000
00173 a2200097 4500
020
_a
041
_a
spa
100
_a
Anonimo
245
_a
Dios habla a sus hijos
942
_c
BK
999
_c
1815
_d
1815